Statistics for Singapore Airlines Destinations

Click here to take the quiz!

General Stats

  • This quiz has been taken 588 times
    (586 since last reset)
  • The average score is 41 of 65

Answer Stats

Answer% Correct
London-Heathrow
93%
Sydney
92%
Beijing
91%
New York
90%
Los Angeles
89%
Melbourne
88%
Shanghai-Pudong
87%
Paris-Charles de Gaulle
87%
Perth
86%
Kuala Lumpur
86%
Jakarta
86%
Dubai
86%
Hong Kong
85%
Auckland
82%
Mumbai
82%
Bangkok
82%
Delhi
81%
Frankfurt
81%
Moscow-Domodedovo
81%
Rome
79%
Brisbane
78%
Seoul-Incheon
78%
San Francisco
77%
Osaka
75%
Manila
74%
Amsterdam
73%
Munich
72%
Hanoi
71%
Taipei-Taoyuan
70%
Milan-Malpensa
69%
Guangzhou
67%
Adelaide
67%
Istanbul
65%
Barcelona
65%
Johannesburg
63%
Wellington
63%
Zurich
60%
Tokyo-Narita
58%
Manchester
58%
Canberra
57%
Christchurch
56%
Chennai
56%
Cape Town
54%
Copenhagen
54%
Ho Chi Minh City
53%
Denpasar
53%
Tokyo-Haneda
52%
Houston
51%
Athens
51%
Dhaka
50%
Kolkata
47%
Colombo
46%
Singapore
46%
Bangalore
46%
Nagoya
43%
Sapporo
43%
Surabaya
40%
Dusseldorf
36%
Fukuoka
35%
Yangon
35%
Male
33%
Sao Paulo
30%
Ahmedabad
24%
Bandar seri Begawan
22%
Okinawa
11%

Score Distribution

Percentile by Number Answered

Percent of People with Each Score

Your Score History

You have not taken this quiz since the last reset